Movies Quiz

Random Movies or Clickable Quiz
Score 0/36 Timer 07:00
0 Plays Today
% Correct
Captain Hook
97.5%
Prince John
97.5%
Ursula
95.3%
Cruella De Vil
95.3%
Gaston
94.6%
Scar
93.9%
The Queen
93.5%
Queen of Hearts
93.1%
Jafar
92.8%
Shan-Yu
92.4%
Shere Khan
91.7%
Hades
91.3%
Maleficent
90.3%
Judge Claude Frollo
89.9%
Lady Tremaine
89.5%
Prince Hans
89.4%
Hopper
89.2%
Stromboli
88.8%
% Correct
Captain Barbossa
88.8%
Yzma
88.1%
Darla
87%
Syndrome
87%
Mother Gothel
85.9%
Governor Ratcliffe
85.6%
Edgar
85.2%
Sid Phillips
84.1%
Randall Boggs
82.7%
Stinky Pete
82.7%
Lotso
82.7%
Prof. Ratigan
82.3%
Clayton
80.9%
Madame Medusa
78%
Madame Mim
78%
The Rats
77.6%
Chernabog
74.4%
Percival McLeach
74%
Remove Ads.
Support Sporcle.
Get the best of Sporcle when you Go Orange. This ad-free experience offers more features, more stats, and more fun while also helping to support Sporcle. Thank you for becoming a member.

You're not logged in!

Compare scores with friends on all Sporcle quizzes.
OR
Log In

Show Comments

Extras

Top Quizzes Today


Score Distribution

Your Account Isn't Verified!

In order to create a playlist on Sporcle, you need to verify the email address you used during registration. Go to your Sporcle Settings to finish the process.

Report this User

Report this user for behavior that violates our Community Guidelines.

Details: